00668nam a2200229Ia 450000500170000000800410001702000150005808200210007310000180009424500560011226000390016830000180020765000100022565000130023565000270024865000130027565000200028865000120030894200060032095200970032699900150042320250205054751.0240331s9999 xx 000 0 und d a041515202X bPET22704a305.4 aPettman, J. J 0aWorldling Women:bA Feminist International Politics aLondon;aNew YorkbRoutledgec1996 axiii, 272 p., aWomen aFeminist aInternational Politics aGendered aLabour Division aEconomy cL 001040708LaWERCLbWERCLcSSCd2024-03-31l0o 305.4 PETp2704r2024-03-31w2024-03-31yL c1687d1687